| 000 | 00439nam a2200181Ia 4500 | ||
|---|---|---|---|
| 001 | 4057 | ||
| 005 | 20260306145728.0 | ||
| 008 | 260306t1999||||xx |||||||||||||| ||spa|| | ||
| 041 | _aESP | ||
| 082 |
_a306.85 _bH12 Nº 18 |
||
| 100 |
_aMontalat, Ramón _eAUT |
||
| 245 | 0 |
_aLos novios : _bel arte de conocer al otro |
|
| 260 | _c1999 | ||
| 300 |
_a211 páginas : _c19 cm. |
||
| 650 | _aGEN | ||
| 654 | _aCED | ||
| 942 |
_cLIB _dJUS _fJUS _2ddc _n |
||
| 999 |
_c4057 _d4057 |
||